Mediterranean Climate Countries Quiz Stats

Quiz Updated Sep 20, 2017

Challenge
Share
Tweet
Embed
Score 0/47 Timer 06:00
1 Play Today
Continent Country % Correct
EuropeItaly
94.8%
EuropeSpain
93.2%
EuropeGreece
92.3%
EuropeFrance
90.4%
Europe/AsiaTurkey
89.8%
South AmericaChile
87.8%
South AmericaArgentina
87.7%
North AmericaMexico
86.7%
EuropePortugal
86.3%
North AmericaUnited States
86.3%
AfricaMorocco
83.4%
South AmericaColombia
79.5%
AsiaIsrael
78.5%
AfricaLibya
77.3%
South AmericaVenezuela
76.5%
AsiaIndia
74.6%
North AmericaCanada
74.1%
AsiaIran
73.6%
AfricaTunisia
73.5%
AfricaAlgeria
73.3%
South AmericaEcuador
73.1%
AsiaIraq
72.3%
EuropeCroatia
71.9%
OceaniaAustralia
69.9%
Continent Country % Correct
AsiaSyria
69.8%
EuropeCyprus
67.5%
AsiaLebanon
67.1%
AsiaPakistan
66.6%
EuropeMonaco
66.6%
EuropeAlbania
65.3%
AsiaJordan
65.2%
EuropeMalta
62.6%
AfricaSouth Africa
61.3%
EuropeVatican City
60.8%
EuropeUnited Kingdom
60.4%
EuropeMacedonia
57.4%
AsiaPalestine
55.9%
AsiaAfghanistan
55%
EuropeMontenegro
54.8%
EuropeBosnia & Herzegovina
53.8%
EuropeBulgaria
52.5%
AfricaKenya
40.3%
AfricaEthiopia
38.4%
AsiaAzerbaijan
37.3%
AsiaTurkmenistan
33.6%
AfricaTanzania
30.5%
AsiaTajikistan
28.7%

You're not logged in!

Compare scores with friends on all Sporcle quizzes.
Sign Up with Email
OR
Log In

You Might Also Like...

Show Comments

Extras

Top Quizzes Today


Score Distribution

Your Account Isn't Verified!

In order to create a playlist on Sporcle, you need to verify the email address you used during registration. Go to your Sporcle Settings to finish the process.